000 00550cam a2200145 4500500
005 20260208002411.0
041 _afre
042 _adc
100 1 0 _aGiafferi-Dombre, Natacha
_eauthor
245 0 0 _aRichard Price & Sally Price, Romare Bearden : une dimension caribéenne, La Roque d’Anthéron, Vents d’ailleurs, 2006, 192 p.
260 _c2007.
500 _a69
786 0 _nL'Homme | 183 | 3 | 2007-07-01 | p. 199t-257t | 0439-4216
856 4 1 _uhttps://shs.cairn.info/revue-l-homme-2007-3-page-199t?lang=fr&redirect-ssocas=7080
999 _c1646150
_d1646150